[Event "Bastia CC Spring op 35th"]
[Site "Bastia"]
[Date "2009.03.27"]
[Round "?"]
[White "Goulard, Jean Philippe"]
[Black "Rochault, Thierry"]
[Result "1-0"]
[WhiteElo "1580"]
[BlackElo "1440"]
[PlyCount "39"]
[EventDate "2009.03.21"]
[EventType "swiss"]
[EventRounds "5"]
[EventCountry "FRA"]
[SourceTitle "EXT 2010"]
[Source "ChessBase"]
[SourceDate "2010.11.25"]
[SourceVersion "1"]
[SourceVersionDate "2010.11.25"]
[SourceQuality "1"]

1. e4 e5 2. Nf3 Nc6 3. Bb5 d6 4. h3 a6 5. Bxc6+ bxc6 6. 0-0 d5 7. d3 Bd6 8. c4 dxc4 9. dxc4 c5 10. Nc3 Bb7 11. b3 Qe7 12. Qe2 h6 13. Nd5 Qe6 14. Ba3 Nf6 15. Bxc5 Bxc5 16. Nxc7+ Ke7 17. Nxe6 Kxe6 18. Nh2 Rad8 19. Rad1 Rxd1 20. Rxd1 1-0